000 00363nam a2200145Ia 4500
008 230917s9999||||xx |||||||||||||| ||und||
040 _e64372
_aMAIN
041 _aEnglish
082 _a320.50954 G346M
100 _aGhose, Sankar
245 0 _aModern Indian political thought
260 _aNew Delhi
_bAllied Publishers
_c1984
300 _a509 p.
942 _cBK
999 _c52096
_d52096